Đánh giá khả năng ứng dụng ảnh viễn thám ở các bộ phân giải khác nhau trong giải toán các loại thực vật rừng vùng ven biển tỉnh Bạc Liêu : Luận văn thạc sĩ Khoa học Chuyên ngành Khoa học Đất
Đề tài thực hiện nhằm đánh giá khả năng ứng dụng ảnh viễn thám ở các cấp độ phân giải khác nhau trong giải toán các loài thực vật rừng vùng ven biển Bạc Liêu.
Spremljeno u:
| Glavni autor: | |
|---|---|
| Format: | Knjiga |
| Jezik: | Undetermined |
| Izdano: |
Cần Thơ
Trường Đại học Cần Thơ
2010
|
| Teme: | |
| Oznake: |
Dodaj oznaku
Bez oznaka, Budi prvi tko označuje ovaj zapis!
|
| Thư viện lưu trữ: | Trung tâm Học liệu Trường Đại học Cần Thơ |
|---|
| LEADER | 01162nam a2200217Ia 4500 | ||
|---|---|---|---|
| 001 | CTU_162803 | ||
| 008 | 210402s9999 xx 000 0 und d | ||
| 082 | |a 577.78 | ||
| 082 | |b T312 | ||
| 088 | |a 60620103 | ||
| 100 | |a Trần, Văn Tính | ||
| 245 | 0 | |a Đánh giá khả năng ứng dụng ảnh viễn thám ở các bộ phân giải khác nhau trong giải toán các loại thực vật rừng vùng ven biển tỉnh Bạc Liêu : | |
| 245 | 0 | |b Luận văn thạc sĩ Khoa học Chuyên ngành Khoa học Đất | |
| 245 | 0 | |c Trần Văn Tính ; Võ Quang Minh (Hướng dẫn Khoa học) | |
| 260 | |a Cần Thơ | ||
| 260 | |b Trường Đại học Cần Thơ | ||
| 260 | |c 2010 | ||
| 520 | |a Đề tài thực hiện nhằm đánh giá khả năng ứng dụng ảnh viễn thám ở các cấp độ phân giải khác nhau trong giải toán các loài thực vật rừng vùng ven biển Bạc Liêu. | ||
| 650 | |a Rừng ven biển,Coastal forests | ||
| 904 | |i Quyền, Hải | ||
| 980 | |a Trung tâm Học liệu Trường Đại học Cần Thơ | ||